| 000 | 00732nam a2200181Ia 4500 | ||
|---|---|---|---|
| 008 | 090124s9999 xx 000 0 und d | ||
| 082 |
_b29858 _a707 |
||
| 100 | _aजायस्वाल जयनारायण | ||
| 245 | _a पोलिओ पॅरेलिसिस आणि पार्किन्संस | ||
| 250 | _a1 | ||
| 260 | _c1986 | ||
| 300 | _a71+12 | ||
| 600 | _aजायस्वाल जयनारायण | ||
| 630 | _a पोलिओ पॅरेलिसिस आणि पार्किन्संस | ||
| 700 | _aजायस्वाल जयनारायण | ||
| 730 | _a पोलिओ पॅरेलिसिस आणि पार्किन्संस | ||
| 942 | _cBOOK | ||
| 999 |
_c143340 _d143340 |
||